000 00705nam a22002177a 4500
003 UA-OsUOA
001 49954
007 ta
008 20071015b un ||||| |||| 00| 0 ukr d
100 _aКолодний А.
090 _a2
_bК-61
942 _cSA
040 _aUA-OsUOA
_bukr
_cUA-OsUOA
_dUA-OsUOA
245 _aРелігієзнавча експертиза змісту і спрямованості буклету "Кінець фальшивої релігії вже близько".
300 _aС.60-62
955 _a0
041 _aukr
080 _a2
773 0 _w49951
_tРелігійна панорама
_dК.
_d2007
_g8
650 7 _a2 Релігія. Теологія.
_2UDC
999 _c336054
_d336054